A handbook on modern explosives (Record no. 552912)

000 -LEADER
fixed length control field 00734nam a22001697i 4500
082 ## - DEWEY DECIMAL CLASSIFICATION NUMBER
Classification number 662.2
Author Mark EIS
100 1# - MAIN ENTRY--PERSONAL NAME
Personal name Eissler, M.
9 (RLIN) 50184
245 12 - TITLE STATEMENT
Title A handbook on modern explosives
Remainder of title a practical treatise on the manufacture and use of dynamite, gun-cotton, nitro-glycerine, and other explosive compounds, including collodion-cotton, with chapters on explosives in practical application /
Statement of responsibility, etc. by M. Eissler.
250 ## - EDITION STATEMENT
Edition statement 2nd ed., enl.
260 ## - PUBLICATION, DISTRIBUTION, ETC.
Place of publication, distribution, etc. London :
Name of publisher, distributor, etc. C. Lockwood,
Date of publication, distribution, etc. 1897.
300 ## - PHYSICAL DESCRIPTION
Extent xx, 406 p., [1] folded leaf of plates :
Other physical details ill. ;
Dimensions 19 cm.
500 ## - GENERAL NOTE
General note Call number of original: TP270.E36.
500 ## - GENERAL NOTE
General note Master microform held by: DLC.
526 ## - STUDY PROGRAM INFORMATION NOTE
Program name 0
Interest level 0
Reading level 0
Title point value 662_200000000000000_EIS
650 ## - SUBJECT ADDED ENTRY--TOPICAL TERM
Topical term or geographic name entry element MCE
9 (RLIN) 379
942 ## - ADDED ENTRY ELEMENTS (KOHA)
Source of classification or shelving scheme
Koha item type Book
Holdings
Withdrawn status Lost status Source of classification or shelving scheme Damaged status Not for loan Permanent Location Current Location Shelving location Date acquired Total Checkouts Full call number Barcode Date last seen Price effective from Koha item type
          Military College of Engineering (MCE) Military College of Engineering (MCE)   01/27/2015   662.2 EIS MCE-ECG222 01/27/2015 03/14/2021 Book
© 2023 Central Library, National University of Sciences and Technology. All Rights Reserved.